Education - Lifelong Process

Kategórie celoživotného vzdelávanie: formálne, non-formálne, neformálne (informal). Vzdelávanie dospelých: odborné vzdelávanie, občianska výchova, záujmové vzdelávanie. Firemné vzdelávanie ako konkurenčná výhoda, vzdelávacie potreby organizácie. Vzdelávacie aktivity v poproduktívnom veku. Koncept Vz...

Full description

Saved in:
Bibliographic Details
Main Author: Cárachová, Magdaléna
Format: Book Chapter
Language:English
Subjects:
Tags: Add Tag
No Tags, Be the first to tag this record!

MARC

LEADER 00000nla a2200000 4500
001 0246733
005 20240502083658.6
041 0 |a eng 
044 |a ES 
245 1 0 |a Education - Lifelong Process  |c Magdaléna Cárachová 
520 |a Kategórie celoživotného vzdelávanie: formálne, non-formálne, neformálne (informal). Vzdelávanie dospelých: odborné vzdelávanie, občianska výchova, záujmové vzdelávanie. Firemné vzdelávanie ako konkurenčná výhoda, vzdelávacie potreby organizácie. Vzdelávacie aktivity v poproduktívnom veku. Koncept Vzdelávanie 4.0. 
610 2 0 |a vzdelávanie 
610 2 0 |a vzdelávanie celoživotné 
610 2 0 |a vzdelávanie dospelých 
610 2 0 |a vzdelávanie ďalšie 
610 2 0 |a vedomosti 
610 2 0 |a zručnosti 
610 2 0 |a gramotnosť informačná 
610 2 0 |a vek produktívny 
610 2 0 |a vek postproduktívny 
610 2 0 |a výhody konkurenčné 
610 2 0 |a seniori 
610 2 0 |a podnik 
610 2 0 |a zamestnanci 
610 2 0 |a kapitál ľudský 
100 1 |a Cárachová, Magdaléna